[Event "ACP Blitz Prelim3"]
[Site "playchess.com INT"]
[Date "2004.04.14"]
[Round "6"]
[White "Nielsen, Peter Heine"]
[Black "Vaisser, Anatoli"]
[Result "1/2-1/2"]
[WhiteElo "2628"]
[BlackElo "2573"]
[EventDate "2004.04.14"]

1. Nf3 d5 2. d4 c6 3. c4 e6 4. Qc2 Nf6 5. Bg5 Nbd7 6. cxd5 exd5 7. Nc3 Bd6
8. e3 O-O 9. Bd3 h6 10. Bh4 Re8 11. h3 g5 12. Nxg5 hxg5 13. Bxg5 Qe7 14. 
O-O-O Qf8 15. g4 Qg7 16. h4 Nf8 17. Rdg1 N6h7 18. Kb1 Bd7 19. Bf5 f6 20. 
Bf4 Bxf4 21. exf4 Kh8 22. g5 Bxf5 23. Qxf5 Qg6 24. Qxg6 Nxg6 25. f5 Nf4 
26. g6 Ne2 27. Nxe2 Rxe2 28. gxh7 Rxf2 29. Rg6 Rf8 30. Rhg1 Rf7 31. Rh6 
Rf8 32. Rhg6 Rf7 33. Rh6 Rf8 34. Rg8+ Rxg8 35. hxg8=Q+ Kxg8 36. Rxf6 Rf4 
37. h5 Rxd4 38. Rg6+ Kf7 39. h6 Rh4 40. Rg7+ Kf6 41. Rxb7 Rxh6 42. Rxa7 
Kxf5 43. Re7 Re6 44. Rxe6 Kxe6 45. b4 Kd6 46. Kc2 c5 47. Kc3 cxb4+ 48. 
Kxb4 Kc6 49. a4 Kb6 50. a5+ Ka6 51. Kc5 Kxa5 52. Kxd5 1/2-1/2

[Event "AUT-chT 0304"]
[Site "Austria"]
[Date "2004.03.19"]
[Round "9"]
[White "Pinter, Jozsef"]
[Black "Boensch, Uwe"]
[Result "1/2-1/2"]
[WhiteElo "2501"]
[BlackElo "2545"]
[EventDate "2003.11.01"]

1. d4 Nf6 2. c4 e6 3. Nc3 d5 4. cxd5 exd5 5. Bg5 c6 6. e3 Be7 7. Bd3 Nbd7 
8. h3 Ne4 9. Bxe7 Qxe7 10. Bxe4 dxe4 11. Qg4 Nf6 12. Qxg7 Rg8 13. Qh6 Rxg2
14. Nge2 Rg6 15. Qh4 Be6 16. Nf4 Rg8 17. O-O-O Bf5 18. Rhg1 O-O-O 19. Rg3 
Nd5 20. Qh5 Qd7 21. Nfxd5 cxd5 22. Rdg1 Rg6 23. h4 Rdg8 24. Rg5 f6 25. 
R5g3 Kb8 26. Kb1 b6 27. Rxg6 hxg6 28. Qh6 Qd6 29. Qh7 Rd8 30. h5 Rd7 31. 
Qg8+ Rd8 32. Qf7 g5 33. h6 Rd7 34. Qg8+ Kb7 35. Rc1 Qb8 36. h7 Bxh7 37. 
Qe6 Qd6 38. Qe8 a6 39. Rh1 Rc7 40. Rh6 Bf5 41. Rh8 Bc8 42. Qg8 Qe6 43. Qd8
Qd7 44. Qxf6 Rxc3 45. bxc3 Qb5+ 46. Kc1 Qf1+ 47. Kb2 Qb5+ 48. Kc1 Qf1+ 49.
 Kb2 Qb5+ 50. Ka3 Qa5+ 51. Kb2 Qb5+ 52. Kc1 1/2-1/2

[Event "Aragon-chT"]
[Site "Spain"]
[Date "2004.04.25"]
[Round "?"]
[White "Kogan, Artur"]
[Black "Adla, Diego Gustavo"]
[Result "1/2-1/2"]
[WhiteElo "2543"]
[BlackElo "2503"]
[EventDate "2004.01.??"]

1. d4 d5 2. c4 e6 3. Nf3 Nf6 4. Nc3 c6 5. cxd5 exd5 6. Bg5 Be7 7. Qc2 O-O 
8. e3 Nbd7 9. Bd3 Re8 10. h3 Nf8 11. O-O g6 12. Bf4 Ne6 13. Be5 Nd7 14. 
Bh2 Nb6 15. Na4 Nxa4 16. Qxa4 a5 1/2-1/2

[Event "BEL-chT 0304"]
[Site "Belgium"]
[Date "2004.01.11"]
[Round "6.1"]
[White "Khenkin, Igor"]
[Black "Bischoff, Klaus"]
[Result "1-0"]
[WhiteElo "2611"]
[BlackElo "2561"]
[EventDate "2003.10.01"]

1. d4 Nf6 2. c4 e6 3. Nc3 d5 4. cxd5 exd5 5. Bg5 c6 6. e3 Be7 7. Bd3 Nbd7 
8. h3 O-O 9. Qc2 Re8 10. Nf3 Nf8 11. O-O Be6 12. Rab1 N6d7 13. Bf4 Nb6 14.
 Rfc1 a6 15. Na4 Nxa4 16. Qxa4 f6 17. b4 Qd7 18. Qc2 Bf7 19. a4 Rac8 20. 
Bg3 Bg6 21. Ne1 Bxd3 22. Nxd3 Ne6 23. Nc5 Bxc5 24. bxc5 Re7 25. Rb2 Rce8 
26. Qf5 Nd8 27. Qxd7 Rxd7 28. Kf1 Nf7 29. Rcb1 Ree7 30. Ke2 h5 31. Kd3 Kh7
32. f3 g5 33. Bd6 Nxd6 34. cxd6 Rf7 35. e4 Kg6 36. Rb6 h4 37. a5 Rh7 38. 
R1b2 Rhf7 39. Kc3 Rh7 40. exd5 cxd5 41. Kb4 Rh8 42. Kc5 Rhd8 43. Rxb7 Rxd6
44. R2b6 1-0

[Event "BEL-chT 0405"]
[Site "Belgium"]
[Date "2004.11.07"]
[Round "3"]
[White "Ikonnikov, Vyacheslav"]
[Black "Gurevich, Mikhail"]
[Result "0-1"]
[WhiteElo "2559"]
[BlackElo "2644"]
[EventDate "2004.10.??"]

1. d4 d5 2. Nf3 Nf6 3. c4 c6 4. Nc3 e6 5. Bg5 Nbd7 6. cxd5 exd5 7. e3 Be7 
8. Qc2 Nh5 9. Bxe7 Qxe7 10. Be2 g6 11. O-O Ndf6 12. Bd3 Ng7 13. Rab1 Bf5 
14. b4 Rc8 15. Rfc1 O-O 16. Ne2 Bxd3 17. Qxd3 Nf5 18. a4 Rfd8 19. Qb3 Ne4 
20. Ng3 Nfd6 21. Nxe4 Nxe4 22. Rc2 a6 23. Rbc1 Nd6 24. Ne5 Ra8 25. Nd3 Re8
26. Re1 Qg5 27. Rce2 Re7 28. Ne5 Rae8 29. Qc2 f6 30. Nf3 Qh5 31. Qc5 Ne4 
32. Qc2 Nd6 33. Qc5 Rd7 34. Nd2 Qf5 35. f3 Qd3 36. Kf2 Re6 37. Rc1 Rde7 
38. Qc3 Qf5 39. Kg1 Qg5 40. Rce1 Qh4 41. Qd3 g5 42. e4 Kf8 43. g3 Qh5 44. 
Nb3 dxe4 45. fxe4 Rxe4 46. Rxe4 Rxe4 47. Rxe4 Nxe4 48. Na5 Nd6 49. d5 Qg4 
50. dxc6 Qxb4 51. cxb7 Qb6+ 52. Kf1 Nxb7 53. Nc4 Qc6 54. Ne3 Nd6 55. Kg1 
Ne4 56. a5 h5 57. Qd4 g4 58. Nd5 Qc1+ 59. Kg2 Qc2+ 60. Kg1 Kg7 61. Nf4 Kh6
62. Nd5 Kg5 63. Nf4 Qc1+ 64. Kg2 Qc6 65. Kg1 h4 66. Nd5 Qc1+ 0-1

[Event "BUL-chT"]
[Site "Plovdiv"]
[Date "2004.11.24"]
[Round "5"]
[White "Cheparinov, Ivan"]
[Black "Radulski, Julian"]
[Result "1-0"]
[WhiteElo "2576"]
[BlackElo "2501"]
[EventDate "2004.11.20"]

1. d4 d5 2. c4 e6 3. Nc3 Nf6 4. Nf3 Nbd7 5. cxd5 exd5 6. Bf4 c6 7. e3 Nh5 
8. Bg5 Be7 9. Bxe7 Qxe7 10. Qc2 g6 11. h3 Nb6 12. g4 Nf6 13. O-O-O Be6 14.
 Ne5 Ne4 15. Bd3 f6 16. Nf3 Nxc3 17. Qxc3 O-O-O 18. Ng1 Kb8 19. Ne2 Bf7 
20. h4 Rc8 21. Kb1 c5 22. dxc5 Rxc5 23. Qd4 Rhc8 24. g5 f5 25. b3 Nd7 26. 
Rc1 b6 27. b4 Rxc1+ 28. Rxc1 Rxc1+ 29. Kxc1 Ne5 30. a3 Ng4 31. Kd2 Ne5 32.
 Kd1 Ng4 33. Kd2 Ne5 34. Qf4 Qc7 35. Nd4 Be8 36. Nf3 Nxf3+ 37. Qxf3 Bc6 
38. Qg3 Qxg3 39. fxg3 Kc7 40. Kc3 Kd6 41. Kd4 Bd7 42. b5 Be6 43. Be2 Bf7 
44. Bf3 Be6 45. Be2 Bf7 46. Bf3 Be6 47. h5 Bf7 48. h6 Be6 49. a4 Bf7 50. 
g4 fxg4 51. Bxg4 Be6 52. Bf3 Bf5 53. Bxd5 Bc2 54. Be4 1-0

[Event "Calvia ol (Men)"]
[Site "Mallorca"]
[Date "2004.10.26"]
[Round "11"]
[White "Ostenstad, Berge"]
[Black "Mastrovasilis, Dimitrios"]
[Result "0-1"]
[WhiteElo "2506"]
[BlackElo "2574"]
[EventDate "2004.10.15"]

1. c4 Nf6 2. Nc3 e6 3. d4 d5 4. cxd5 exd5 5. Bg5 c6 6. Qc2 Be7 7. e3 Bg4 
8. Bd3 Bh5 9. Nge2 Bg6 10. O-O Nbd7 11. f3 O-O 12. Bxg6 hxg6 13. Rad1 Re8 
14. Bh4 Nb6 15. Bf2 Qd7 16. h3 Bb4 17. e4 dxe4 18. fxe4 Qe6 19. Rfe1 Qc4 
20. a3 Bf8 21. b3 Qa6 22. a4 Rac8 23. Kh1 c5 24. d5 c4 25. d6 cxb3 26. 
Qxb3 Nbd7 27. Nb5 Nxe4 28. Rf1 Nxd6 29. Nxd6 Bxd6 30. Bg3 Nf6 31. Rxd6 
Qxe2 32. Re1 Qc4 33. Rxe8+ Nxe8 34. Qxc4 Rxc4 35. Rd8 Re4 36. Rb8 Re7 37. 
a5 Kh7 38. Bf2 a6 39. Bc5 Rc7 40. Bb6 Re7 41. Bc5 Re5 42. Bb6 Nd6 43. Bc7 
Re1+ 44. Kh2 Nc4 45. Rxb7 Re7 46. Ra7 g5 47. g4 f6 48. Kg3 Kg6 49. Kf2 Kf7
50. Kg3 Rd7 51. h4 gxh4+ 52. Kxh4 Ne5 53. Bb6 Rxa7 54. Bxa7 Nc4 55. Bb6 
Ke6 56. Bd4 g5+ 57. Kh5 Kf7 58. Bc3 Kg7 59. Bb4 Ne3 60. Bd2 Nd5 0-1

[Event "Canarias en Red prel 3rd"]
[Site "playchess.com INT"]
[Date "2004.05.05"]
[Round "9"]
[White "Krivoshey, Sergei"]
[Black "Kiriakov, Petr"]
[Result "1-0"]
[WhiteElo "2501"]
[BlackElo "2560"]
[EventDate "2004.05.05"]

1. Nf3 d5 2. d4 e6 3. c4 Nf6 4. Nc3 Nbd7 5. cxd5 exd5 6. Bg5 c6 7. e3 Be7 
8. Qc2 O-O 9. Bd3 Re8 10. h3 g6 11. O-O Nh5 12. Bxe7 Qxe7 13. Rab1 Nb6 14.
 Rfe1 Ng7 15. e4 dxe4 16. Nxe4 Be6 17. Nc5 Qc7 18. Ne5 Bxa2 19. Rbd1 Bd5 
20. Ng4 Nh5 21. Qd2 Nd7 22. Nxd7 Qxd7 23. Qg5 Qd6 24. Re5 f6 25. Rxe8+ 
Rxe8 26. Qh6 Qf8 27. Qd2 f5 28. Ne5 Nf6 29. f3 Kg7 30. Qg5 Ng8 31. Re1 Qe7
32. Qf4 Nh6 33. Re2 Qd6 34. h4 Nf7 35. h5 Nxe5 36. dxe5 Qc5+ 37. Kh2 Qe7 
38. h6+ Kf7 39. e6+ Bxe6 40. Bc4 Qd7 41. Qe5 Ke7 42. Bxe6 Qd6 43. Qxd6+ 
Kxd6 44. Bc4 Rd8 45. Rd2+ Ke7 46. Rxd8 Kxd8 47. Bg8 Ke7 48. Bxh7 Kf7 49. 
Kh3 a5 50. Kh4 Kf6 51. Bg8 b5 52. Bb3 a4 53. Bc2 c5 54. Bd3 c4 55. Bc2 f4 
56. Kg4 b4 57. Kh4 g5+ 58. Kh5 b3 59. h7 Kg7 60. Bd1 a3 61. bxa3 Kxh7 62. 
Kxg5 Kg7 63. Kxf4 Kf6 64. Ke4 Ke6 65. Kd4 Kd6 66. Kxc4 b2 67. Bc2 b1=Q 68.
 Bxb1 1-0

[Event "Dordrecht g/5'"]
[Site "Dordrecht"]
[Date "2004.02.07"]
[Round "9"]
[White "Sokolov, Ivan"]
[Black "Dreev, Alexey"]
[Result "0-1"]
[WhiteElo "2706"]
[BlackElo "2682"]
[EventDate "2004.02.07"]

1. d4 d5 2. c4 c6 3. Nc3 Nf6 4. Nf3 e6 5. Qc2 Nbd7 6. cxd5 exd5 7. Bg5 Be7
8. e3 O-O 9. Bd3 Re8 10. h3 Nf8 11. O-O Be6 12. Ne5 N6d7 13. Bxe7 Rxe7 14.
 f4 f6 15. Nf3 Bf7 16. Rae1 c5 17. Qf2 Qb6 18. Rc1 Rae8 19. Rfe1 Qa5 20. 
a3 a6 21. Bb1 Nb6 22. Nd2 Nc4 23. Nxc4 dxc4 24. d5 b5 25. e4 b4 26. Nd1 
Bxd5 27. Ne3 Bxe4 28. Nxc4 Qc7 29. Ba2 Bd5 30. axb4 Rxe1+ 31. Rxe1 Rxe1+ 
32. Qxe1 Qxf4 33. Qc3 cxb4 34. Qxb4 Qd4+ 35. Kh1 h5 36. Qd6 Qe4 37. Ne3 
Bxa2 38. Qa3 Be6 39. Kh2 h4 40. b4 Qf4+ 41. Kg1 Qd4 42. Kh2 Qe4 43. Qc3 
Ng6 44. Qd2 Nf4 45. Qf2 Qe5 46. Kg1 Nd3 47. Qd2 Qd4 48. Kh2 Qf4+ 49. Kg1 
Ne5 50. Qd8+ Kh7 51. Qb6 Bf7 52. Nf1 Bg6 53. Qc5 Qc4 54. Qf2 Qxb4 55. Ne3 
Qd4 56. Ng4 Qe4 0-1

[Event "ESP-ch sf2"]
[Site "Seville"]
[Date "2004.08.19"]
[Round "3"]
[White "Oms Pallise, Josep"]
[Black "Moreno Carnero, Javier"]
[Result "1-0"]
[WhiteElo "2518"]
[BlackElo "2507"]
[EventDate "2004.08.18"]

1. d4 Nf6 2. c4 e6 3. Nc3 d5 4. cxd5 exd5 5. Bg5 c6 6. e3 Be7 7. Bd3 Nbd7 
8. Nge2 O-O 9. Qc2 Re8 10. O-O Nf8 11. Rad1 Ng4 12. Bf4 Ng6 13. Bg3 Bd6 
14. h3 Nf6 15. Rb1 Bxg3 16. Nxg3 Nh4 17. Nce2 Kh8 18. b4 Qd7 19. Rfe1 Nxg2
20. Kxg2 Qxh3+ 21. Kg1 Ng4 22. Nf1 a6 23. Nf4 Qh6 24. f3 g5 25. Ng2 Nf6 
26. Ng3 Bd7 27. Kf2 g4 28. f4 Ne4+ 29. Bxe4 dxe4 30. Rh1 1-0

[Event "EU-ch 5th"]
[Site "Antalya"]
[Date "2004.05.18"]
[Round "4"]
[White "Agrest, Evgenij"]
[Black "Gurevich, Mikhail"]
[Result "1/2-1/2"]
[WhiteElo "2601"]
[BlackElo "2672"]
[EventDate "2004.05.15"]

1. d4 d5 2. Nf3 Nf6 3. c4 c6 4. Nc3 e6 5. Bg5 Nbd7 6. cxd5 exd5 7. e3 Be7 
8. Qc2 Nh5 9. Bxe7 Qxe7 10. O-O-O Nb6 11. Ne5 g6 12. g4 Ng7 13. h3 f6 14. 
Nd3 Be6 15. Nc5 Bf7 16. Bd3 Ne6 17. Nxe6 1/2-1/2

[Event "EU-ch Internet final"]
[Site "playchess.com INT"]
[Date "2004.11.07"]
[Round "1.2"]
[White "Bocharov, Dmitry"]
[Black "Jakovenko, Dmitrij"]
[Result "1/2-1/2"]
[WhiteElo "2569"]
[BlackElo "2596"]
[EventDate "2004.11.07"]

1. d4 Nf6 2. Nf3 e6 3. c4 d5 4. Nc3 Be7 5. Bg5 O-O 6. cxd5 exd5 7. e3 c6 
8. Bd3 Nbd7 9. Qc2 Re8 10. h3 Nf8 11. Bf4 Bd6 12. Bxd6 Qxd6 13. O-O-O a5 
14. Kb1 b5 15. g4 Be6 16. Ne5 Rac8 17. f4 Qb8 18. f5 Bd7 19. g5 Ne4 20. 
Nxe4 dxe4 21. Bxe4 c5 22. g6 hxg6 23. fxg6 fxg6 24. Nxd7 Nxd7 25. Bd5+ Kh8
26. Qxg6 Qb6 27. Qf5 Nf6 28. Rhg1 Nxd5 29. Qxd5 Qh6 30. dxc5 Rxe3 31. Rg5 
Rxh3 32. a3 b4 33. axb4 axb4 34. Rdg1 Qh7+ 35. Ka1 Rh6 36. Qb7 Rcc6 37. 
Qa8+ Qg8 38. Qxg8+ Kxg8 39. Rxg7+ Kf8 40. Rg8+ Ke7 41. R1g7+ Ke6 42. Rg6+ 
Kd5 43. Rxh6 Rxh6 44. Ka2 Kxc5 1/2-1/2

[Event "GER-ch Internet g/5'"]
[Site "playchess.com INT"]
[Date "2004.02.29"]
[Round "3"]
[White "Gustafsson, Jan"]
[Black "Rabiega, Robert"]
[Result "1/2-1/2"]
[WhiteElo "2572"]
[BlackElo "2527"]
[EventDate "2004.02.29"]

1. d4 d5 2. c4 e6 3. Nf3 Nf6 4. Nc3 Nbd7 5. cxd5 exd5 6. Bg5 c6 7. Qc2 Be7
8. e3 O-O 9. Bd3 Re8 10. h3 Nf8 11. O-O Be6 12. a3 Rc8 13. b4 N6d7 14. Bf4
Nb6 15. Na4 Bd6 16. Bxd6 Qxd6 17. Nc5 Re7 18. Rfe1 Rce8 19. Rab1 Bc8 20. 
a4 1/2-1/2

[Event "GRE-chT"]
[Site "Aghia Pelagia"]
[Date "2004.07.06"]
[Round "3.2"]
[White "Hellsten, Johan"]
[Black "Halkias, Stelios"]
[Result "1-0"]
[WhiteElo "2557"]
[BlackElo "2533"]
[EventDate "2004.07.04"]

1. d4 d5 2. c4 e6 3. Nc3 Be7 4. cxd5 exd5 5. Bf4 c6 6. e3 Bf5 7. Nge2 Nd7 
8. Ng3 Be6 9. Nh5 Kf8 10. Bg3 Ngf6 11. Nf4 Bf5 12. Bd3 Bxd3 13. Qxd3 h5 
14. h3 Nb6 15. f3 h4 16. Bf2 Bd6 17. Nfe2 Nh5 18. e4 Bf4 19. Be3 Bxe3 20. 
Qxe3 Nc4 21. Qc1 dxe4 22. fxe4 c5 23. Nd5 Nd6 24. Qxc5 Kg8 25. O-O Nxe4 
26. Ne7+ Kf8 27. Ng6+ Kg8 28. Qe5 fxg6 29. Qxe4 Qg5 30. Nf4 Ng3 31. Qxg6 
Qxg6 32. Nxg6 Rh5 33. Rfe1 Rd8 34. Rad1 Rd6 35. Ne5 Rf5 36. Nf3 g5 37. Re7
Rb5 38. b3 Nh5 39. Rc7 Ng3 40. Re1 Kf8 41. a4 Rf5 42. Rxb7 a5 43. Kh2 Rc6 
44. Ne5 Rd6 45. Rc1 Kg8 46. Nf3 Rd8 47. Rbc7 Ne2 48. R1c5 Rdd5 49. Rc4 Ng3
50. R4c6 Ne2 51. Ra7 Rf7 52. Rg6+ Kf8 53. Ra8+ Ke7 54. Nxg5 Rff5 55. Ra7+ 
Ke8 56. Nh7 Rd7 57. Rg8+ Kf7 58. Rf8+ Ke6 59. Rxd7 1-0

[Event "Grand Prix du Senat 5th"]
[Site "Paris"]
[Date "2004.09.25"]
[Round "1"]
[White "Olafsson, Helgi"]
[Black "Vaisser, Anatoli"]
[Result "1-0"]
[WhiteElo "2531"]
[BlackElo "2580"]
[EventDate "2004.09.25"]

1. c4 e6 2. d4 d5 3. Nc3 Be7 4. cxd5 exd5 5. Bf4 c6 6. e3 Nf6 7. Bd3 O-O 
8. Qc2 Nbd7 9. Nf3 Re8 10. O-O Nf8 11. Rab1 Ng6 12. Be5 Bd6 13. Bxd6 Qxd6 
14. h3 a5 15. a3 Bd7 16. Rfc1 Re7 17. b4 axb4 18. axb4 Rae8 19. b5 Ne4 20.
 Bf1 h6 21. Na4 Ng5 22. Nxg5 hxg5 23. Nc5 Bc8 24. bxc6 bxc6 25. Rb6 g4 26.
 hxg4 Bxg4 27. Nb7 Qf6 28. Rxc6 Qg5 29. Nd6 Rd8 30. Nc8 Re6 31. Rxe6 Bxe6 
32. Nb6 Nh4 33. f4 Qg4 34. Qf2 Bf5 35. Be2 Qg6 36. Qxh4 Rb8 37. Nxd5 Qe6 
38. Ne7+ Kf8 39. Nxf5 1-0

[Event "HUN-ch 54th"]
[Site "Budapest"]
[Date "2004.08.25"]
[Round "7"]
[White "Gyimesi, Zoltan"]
[Black "Berkes, Ferenc"]
[Result "1/2-1/2"]
[WhiteElo "2618"]
[BlackElo "2614"]
[EventDate "2004.08.19"]

1. d4 Nf6 2. c4 e6 3. Nf3 d5 4. Nc3 Nbd7 5. cxd5 exd5 6. Bg5 Be7 7. e3 c6 
8. Qc2 O-O 9. Bd3 Re8 10. h3 Nf8 11. Bf4 Be6 12. O-O-O Rc8 13. Kb1 N6d7 
14. g4 a6 15. Ne5 c5 16. Nxd7 Qxd7 17. dxc5 Bxc5 18. Be5 b5 19. Qd2 b4 20.
 Ne2 Bxg4 21. hxg4 Rxe5 22. Bf5 Rxf5 23. gxf5 Qxf5+ 24. Qd3 Qxf2 25. Nf4 
Qxe3 26. Qxe3 Bxe3 27. Nxd5 Bg5 28. Rh5 Bd8 29. Nxb4 g5 30. Nxa6 Kg7 31. 
b4 Kg6 32. Rh2 h5 33. Rc2 Ra8 34. Rc6+ Ne6 35. Nc5 Rb8 36. Kc2 Bf6 37. 
Nxe6 fxe6 38. Rxe6 Kf5 39. Rc6 Be5 40. Rf1+ Bf4 41. Kb3 h4 42. a4 Rh8 43. 
a5 h3 44. a6 h2 45. a7 Ra8 46. Rh6 Kg4 47. Rh7 Kg3 48. b5 Be3 49. Rh1 Rxa7
50. R1xh2 g4 51. Rxa7 Kxh2 52. Rh7+ Kg2 53. Kc4 g3 54. Kd3 Kf3 55. Rg7 Bf4
56. b6 g2 57. b7 Bb8 58. Rg8 Ba7 59. Rf8+ Kg3 60. Ke2 g1=Q 61. Rg8+ Kh2 
62. Rxg1 Kxg1 1/2-1/2

[Event "Internet op"]
[Site "Internet"]
[Date "2004.01.03"]
[Round "?"]
[White "Volkov, Sergey"]
[Black "Rychagov, Andrey"]
[Result "1/2-1/2"]
[WhiteElo "2630"]
[BlackElo "2511"]
[EventDate "2004.01.??"]

1. d4 d5 2. c4 e6 3. Nc3 Nf6 4. cxd5 exd5 5. Bg5 Be7 6. e3 O-O 7. Nf3 Re8 
8. Bd3 Nbd7 9. O-O c6 10. Qc2 Nf8 11. h3 Be6 12. Rae1 Rc8 13. a3 a5 14. 
Ne5 N6d7 15. Bxe7 Qxe7 16. f4 f6 17. Nf3 c5 18. Bf5 Bf7 19. Qf2 Rc6 20. e4
Qd6 21. exd5 Rxe1 22. Rxe1 Bxd5 23. dxc5 Qxc5 24. Nd4 Rd6 25. Ndb5 Rc6 26.
 Nxd5 Qxd5 27. Nd4 Rc4 28. Be6+ Nxe6 29. Nxe6 Re4 30. Rxe4 Qxe4 31. f5 h5 
32. Qd2 Qc6 33. Qe2 Nc5 34. Qxh5 Nxe6 35. fxe6 Qxe6 36. Qxa5 Qe3+ 37. Kh2 
Qf4+ 38. Kh1 Qc1+ 39. Kh2 Qxb2 40. Qd8+ Kh7 41. Qd3+ g6 42. Qd7+ Kh6 43. 
Qd6 f5 44. Qf4+ Kg7 45. a4 Qb6 46. Qe5+ Kf7 47. Qd5+ Kf6 48. h4 Qc7+ 49. 
Kh3 Qc3+ 50. g3 Qb4 51. Qd8+ Kf7 52. Qd7+ Kf6 53. Qd8+ Ke6 54. Qe8+ Kf6 
55. Qh8+ Kf7 56. Qh7+ Kf6 57. Qh8+ Ke6 58. Qg8+ Kf6 59. Qh8+ 1/2-1/2

[Event "Moscow Aeroflot op-A"]
[Site "Moscow"]
[Date "2004.02.21"]
[Round "5"]
[White "Smirnov, Pavel"]
[Black "Godena, Michele"]
[Result "1-0"]
[WhiteElo "2609"]
[BlackElo "2515"]
[EventDate "2004.02.17"]

1. d4 d5 2. c4 c6 3. Nf3 Nf6 4. Nc3 e6 5. Bg5 Nbd7 6. cxd5 exd5 7. e3 Be7 
8. Bd3 Ne4 9. Bf4 Ndf6 10. Ne5 Bf5 11. Qc2 g6 12. f3 Nd6 13. e4 dxe4 14. 
fxe4 Ndxe4 15. Nxe4 Nxe4 16. Nxc6 bxc6 17. Qxc6+ Kf8 18. Bxe4 Bb4+ 19. Ke2
Rc8 20. Qd5 Bxe4 21. Bh6+ Kg8 22. Qxe4 Qd7 23. Kf2 Re8 24. Qf4 Qe6 25. 
Rhc1 Bd6 26. Qf3 Bb4 27. Rc6 Qd7 28. Qf6 Bf8 29. Bxf8 Rxf8 30. Rac1 h5 31.
 Re1 Kh7 32. Re7 Qg4 33. h3 1-0

[Event "Moscow Aeroflot op-A"]
[Site "Moscow"]
[Date "2004.02.23"]
[Round "7"]
[White "Aleksandrov, Aleksej"]
[Black "Kharitonov, Andrei Y"]
[Result "1/2-1/2"]
[WhiteElo "2679"]
[BlackElo "2561"]
[EventDate "2004.02.17"]

1. d4 d5 2. c4 e6 3. Nc3 Nf6 4. cxd5 exd5 5. Bg5 Be7 6. e3 c6 7. Bd3 Nbd7 
8. Qc2 O-O 9. Nge2 Re8 10. O-O Nf8 11. f3 Ng6 12. Rad1 Be6 13. Kh1 Qc7 14.
 Bxf6 Bxf6 15. e4 dxe4 16. fxe4 Rad8 17. e5 Be7 18. h3 Kh8 19. Be4 Nf8 20.
 Nf4 Qb6 21. Nxe6 Nxe6 22. d5 Ng5 23. d6 Bf8 24. h4 Rxe5 25. hxg5 Rxd6 26.
 Rxd6 Bxd6 27. Rxf7 Rxg5 28. Qe2 Qc5 29. g4 Re5 30. Qf2 Qxf2 31. Rxf2 g6 
32. a3 Re7 33. Re2 Kg7 34. Bf3 Rxe2 35. Bxe2 Be5 36. Kg2 Kf7 37. Kf3 Ke7 
38. Ke4 Bf6 39. Kf4 h6 40. Bd3 Bg5+ 41. Ke5 h5 42. gxh5 gxh5 43. Bf5 Bc1 
44. Nd1 Kd8 45. Kd6 Bf4+ 46. Kc5 Kc7 47. a4 h4 48. b3 Bc1 49. Nc3 Ba3+ 50.
 Kc4 Be7 51. Ne2 a6 52. Nd4 b5+ 53. Kd3 c5 54. Nf3 Kb6 55. Ke4 bxa4 56. 
bxa4 Ka5 57. Bd7 h3 58. Kd3 Kb4 59. Bc6 c4+ 60. Kc2 Bd6 1/2-1/2

[Event "Niort op 1st"]
[Site "Niort"]
[Date "2004.07.08"]
[Round "5"]
[White "Istratescu, Andrei"]
[Black "Solodovnichenko, Yuri"]
[Result "1/2-1/2"]
[WhiteElo "2603"]
[BlackElo "2507"]
[EventDate "2004.07.05"]

1. d4 d5 2. c4 e6 3. Nc3 c6 4. cxd5 exd5 5. Bf4 Bf5 6. e3 Nf6 7. Nge2 Qb6 
8. Qd2 Ne4 9. Nxe4 Bxe4 10. Nc3 Nd7 11. Nxe4 dxe4 12. a3 Qb3 13. Rc1 Nb6 
14. Qc2 Qxc2 1/2-1/2

[Event "Plancoet op 4th"]
[Site "Plancoet"]
[Date "2004.07.27"]
[Round "4"]
[White "Grigore, George Gabriel"]
[Black "Istratescu, Andrei"]
[Result "1/2-1/2"]
[WhiteElo "2507"]
[BlackElo "2603"]
[EventDate "2004.07.25"]

1. d4 e6 2. c4 Nf6 3. Nc3 d5 4. cxd5 exd5 5. Bg5 c6 6. e3 Be7 7. Qc2 Nbd7 
8. Bd3 O-O 9. Nf3 Re8 10. O-O Nf8 11. h3 1/2-1/2

[Event "RUS Cup Qualifier 1"]
[Site "chessassistantclub.com INT"]
[Date "2004.09.07"]
[Round "?"]
[White "Volkov, Sergey"]
[Black "Timofeev, Artyom"]
[Result "0-1"]
[WhiteElo "2620"]
[BlackElo "2575"]
[EventDate "2004.09.07"]

1. d4 d5 2. c4 e6 3. Nc3 c6 4. cxd5 exd5 5. Bf4 Bf5 6. e3 Nf6 7. Nge2 Nbd7
8. Ng3 Be6 9. Bd3 g6 10. Qc2 Bg7 11. Bd6 Nb6 12. Ba3 Nc8 13. h4 Nd6 14. h5
O-O 15. O-O-O Rc8 16. Kb1 b6 17. hxg6 hxg6 18. Bxg6 fxg6 19. Qxg6 Bf7 20. 
Qg5 Nfe4 21. Ngxe4 Nxe4 22. Nxe4 dxe4 23. Qg4 Qd5 24. b3 c5 25. Qh3 Bg6 
26. Qg3 Qf7 27. Rh4 Rfe8 28. Rg4 Re6 29. Bb2 c4 30. d5 Rf6 31. Bxf6 Qxf6 
32. Rd4 Bf5 33. bxc4 Bxg4 34. Qxg4 Rxc4 35. Qxe4 Rxd4 36. exd4 Kf7 37. f4 
Kf8 38. g4 Qxd4 39. Qf5+ Qf6 40. Qc8+ Kf7 41. Qd7+ Kg8 42. Qe8+ Bf8 43. f5
Kg7 44. Qd7+ Kh6 45. Qc6 Bd6 46. Kc2 Qe5 47. a4 Kg5 48. Qd7 Qe4+ 49. Kc1 
Bf4+ 50. Kb2 Be5+ 51. Kb3 Qd3+ 52. Kb4 a5# 0-1

[Event "RUS Fed Internet Cup Final 5'"]
[Site "chessassistantclub.com INT"]
[Date "2004.12.28"]
[Round "6"]
[White "Grischuk, Alexander"]
[Black "Kosyrev, Vladimir"]
[Result "1/2-1/2"]
[WhiteElo "2704"]
[BlackElo "2539"]
[EventDate "2004.12.28"]

1. d4 d5 2. c4 e6 3. Nc3 Nf6 4. cxd5 exd5 5. Bg5 Be7 6. e3 O-O 7. Bd3 Re8 
8. Nge2 Nbd7 9. O-O c6 10. Qc2 Nf8 11. Kh1 Ng6 12. Rae1 Ng4 13. Bxe7 Qxe7 
14. h3 Nf6 15. Ng3 Qd6 16. f4 Bd7 17. Qf2 c5 18. dxc5 Qxc5 19. e4 Qxf2 20.
 Rxf2 dxe4 21. Ngxe4 Nxe4 22. Bxe4 Bc6 23. Kh2 f5 24. Bd5+ Bxd5 25. Rxe8+ 
Rxe8 26. Nxd5 Re4 1/2-1/2

[Event "RUS-ch qual 57th"]
[Site "Tomsk"]
[Date "2004.05.26"]
[Round "4"]
[White "Sorokin, Maxim"]
[Black "Kosyrev, Vladimir"]
[Result "1/2-1/2"]
[WhiteElo "2583"]
[BlackElo "2529"]
[EventDate "2004.05.23"]

1. d4 d5 2. c4 e6 3. Nc3 Nf6 4. cxd5 exd5 5. Bg5 Be7 6. e3 O-O 7. Bd3 Re8 
8. Nf3 Nbd7 9. O-O c6 10. Qc2 Nf8 11. Rab1 Ng6 12. b4 a6 13. a4 Bd6 14. 
Rfe1 Bg4 15. Nh4 Nf8 16. Nf5 Bxf5 17. Bxf5 h6 18. Bxf6 Qxf6 19. b5 axb5 
20. axb5 g6 21. Bh3 Nh7 22. bxc6 bxc6 23. g3 Ng5 24. Bg2 h5 25. Rb6 Rec8 
26. Nb1 Kg7 27. f4 Ne4 28. Bxe4 dxe4 29. Qxe4 Bf8 30. Nd2 Ra2 31. Nf3 Qd6 
32. Ne5 Qd5 33. Qxd5 cxd5 34. Rc6 Rb8 35. Nf3 Rbb2 36. Rf1 Re2 37. Rcc1 
Bb4 38. Ra1 Rac2 39. Rfc1 Bd2 40. Rxc2 Bxe3+ 41. Kh1 Rxc2 42. Ra3 Bf2 43. 
Ra5 Rc1+ 44. Kg2 Rc2 45. Kh3 Rc3 46. Rxd5 Rxf3 47. Kg2 Rd3 48. Kxf2 Rd2+ 
1/2-1/2

[Event "RUS-chT rapid"]
[Site "Sochi"]
[Date "2004.04.??"]
[Round "4"]
[White "Aleksandrov, Aleksej"]
[Black "Zvjaginsev, Vadim"]
[Result "0-1"]
[WhiteElo "2679"]
[BlackElo "2654"]
[EventDate "2004.04.??"]

1. d4 d5 2. c4 e6 3. Nc3 Be7 4. cxd5 exd5 5. Bf4 c6 6. e3 Bd6 7. Nge2 Ne7 
8. h4 Nf5 9. h5 Nd7 10. g4 Bxf4 11. Nxf4 Nd6 12. Qc2 Nb6 13. Be2 Qe7 14. 
O-O-O Bd7 15. Rhg1 h6 16. Bd3 Qg5 17. Na4 Nxa4 18. Qxa4 a5 19. Qa3 Qe7 20.
 Kb1 a4 21. f3 O-O 22. Bc2 Rfe8 23. Rde1 Nc4 24. Qd3 Qg5 25. Nh3 Qh4 26. 
Rh1 Qf6 27. e4 Qxf3 28. exd5 Qxd3 29. Bxd3 cxd5 30. Nf4 Nd2+ 31. Ka1 Nf3 
32. Rxe8+ Rxe8 33. Nxd5 Nxd4 34. Nb6 Bxg4 35. Nxa4 Bxh5 36. Nc5 Bf3 37. 
Rg1 h5 38. b4 h4 39. Nd7 Re3 40. Bb1 h3 41. Nf6+ Kf8 42. Nh7+ Ke7 43. Rxg7
h2 44. Ng5 h1=B 45. Rxf7+ Ke8 0-1

[Event "RUS-chT2"]
[Site "Sochi"]
[Date "2004.04.22"]
[Round "3.2"]
[White "Burmakin, Vladimir"]
[Black "Sorokin, Maxim"]
[Result "1/2-1/2"]
[WhiteElo "2571"]
[BlackElo "2583"]
[EventDate "2004.04.20"]

1. d4 Nf6 2. c4 e6 3. Nf3 d5 4. cxd5 exd5 5. Nc3 c6 6. Bg5 Be7 7. e3 Bf5 
8. Bd3 Bxd3 9. Qxd3 Nbd7 10. O-O O-O 11. h3 Re8 12. Bf4 Nf8 13. Rab1 a5 
14. Qc2 Ng6 15. Bh2 Bd6 16. Bxd6 Qxd6 17. Rfc1 Ne4 18. Nxe4 Rxe4 19. Qc5 
1/2-1/2